[Event "Serpukhov IM"]
[Site "Serpukhov"]
[Date "2007.04.22"]
[Round "5"]
[White "Romanenko, Alexandra"]
[Black "Vorontsov, Nikolay"]
[Result "1/2-1/2"]
[WhiteElo "2081"]
[BlackElo "2300"]
[PlyCount "61"]
[EventDate "2007.04.19"]
[EventType "tourn"]
[EventRounds "10"]
[EventCountry "RUS"]
[EventCategory "1"]
[SourceTitle "EXT 2022"]
[Source "ChessBase"]
[SourceDate "2021.10.06"]
[SourceVersion "1"]
[SourceVersionDate "2021.10.06"]
[SourceQuality "1"]

1. d4 Nf6 2. c4 g6 3. Nc3 d5 4. Bg5 Ne4 5. Bh4 Nxc3 6. bxc3 c5 7. cxd5 Qxd5 8. e3 cxd4 9. Qxd4 Qxd4 10. cxd4 e5 11. Bf6 Bb4+ 12. Kd1 0-0 13. Bxe5 Nc6 14. Bf6 Bf5 15. Ne2 Ba3 16. Ng3 Be6 17. Ne4 Nb4 18. Be5 Rfc8 19. Nf6+ Kf8 20. Nxh7+ Ke7 21. Bf6+ Kd6 22. Bb5 Bxa2 23. Ke2 Bb2 24. Rad1 Nd5 25. Be5+ Ke7 26. Rd2 Bc1 27. Rxa2 Nc3+ 28. Kd3 Nxa2 29. Bf6+ Kd6 30. Be5+ Ke7 31. Bf6+ 1/2-1/2

[Event "Serpukhov IM"]
[Site "Serpukhov"]
[Date "2007.04.21"]
[Round "3"]
[White "Romanenko, Alexandra"]
[Black "Nagibin, George"]
[Result "0-1"]
[WhiteElo "2081"]
[BlackElo "2330"]
[PlyCount "84"]
[EventDate "2007.04.19"]
[EventType "tourn"]
[EventRounds "10"]
[EventCountry "RUS"]
[EventCategory "1"]
[SourceTitle "EXT 2022"]
[Source "ChessBase"]
[SourceDate "2021.10.06"]
[SourceVersion "1"]
[SourceVersionDate "2021.10.06"]
[SourceQuality "1"]

1. d4 Nf6 2. c4 g6 3. Nc3 Bg7 4. e4 0-0 5. Nf3 d6 6. Be2 e5 7. dxe5 dxe5 8. Qxd8 Rxd8 9. Bg5 Re8 10. Nd5 Nxd5 11. cxd5 c6 12. Bc4 cxd5 13. Bxd5 Nc6 14. 0-0 Be6 15. Rfd1 Nd4 16. Bxe6 Rxe6 17. Nxd4 exd4 18. f3 Rc8 19. Rac1 Rec6 20. Rxc6 Rxc6 21. Rc1 Rxc1+ 22. Bxc1 d3 23. Kf2 d2 24. Bxd2 Bxb2 25. Ke3 Kg7 26. g4 Kf6 27. Kd3 Ke6 28. g5 b5 29. f4 Kd6 30. Kc2 Bd4 31. Kb3 Kc6 32. Bc1 a5 33. Bd2 a4+ 34. Kc2 Kc5 35. Kd3 Bg1 36. h3 b4 37. Bc1 Bd4 38. a3 b3 39. Bd2 Bb2 40. Bb4+ Kc6 41. f5 Be5 42. Be7 Bd6 0-1